| 000 | 02394cam a22004577a 4500 | ||
|---|---|---|---|
| 001 | 17179909 | ||
| 003 | Nust- CAS-E | ||
| 005 | 20180118181402.0 | ||
| 008 | 120224s2012 nyua b 000 0 eng d | ||
| 010 | _a 2011284958 | ||
| 020 | _a9781107023406 | ||
| 020 | _a1107023408 | ||
| 020 | _a9781107607101 | ||
| 020 | _a1107607108 (pbk.) | ||
| 035 | _a(OCoLC)ocn759914978 | ||
| 040 |
_aBTCTA _beng _cBTCTA _dEMU _dYDXCP _dMUU _dCDX _dTOH _dDLC |
||
| 042 | _alccopycat | ||
| 050 | 0 | 0 |
_aTD195.E49 _bR47 2012 |
| 082 | 0 | 4 |
_a333.794 _bREN 2012 |
| 245 | 0 | 0 |
_aRenewable energy sources and climate change mitigation : _bspecial report of the Intergovernmental Panel on Climate Change / _cedited by Ottmar Edenhofer, Ramón Pichs Madruga, Youba Sokona [and] Technical Support Unit Working Group III, Potsdam Institute for Climate Impact Research (PIK). |
| 246 | 1 |
_iAlso known as: _aSRREN |
|
| 246 | 1 |
_iAlso known as: _aWorking Group III special report on renewable energy sources and climate change mitigation |
|
| 246 | 3 | _aSpecial report on renewable energy sources and climate change mitigation | |
| 260 |
_aNew York : _bCambridge University Press, _cc2012. |
||
| 300 |
_axii, 1076 p. : _bcol. ill. ; _c28 cm. |
||
| 504 | _aIncludes bibliographical references. | ||
| 505 | 0 | _aCh. 1. Renewable energy and climate change -- Ch. 2. Bioenergy -- Ch. 3. Direct solar energy -- Ch. 4. Geothermal energy -- Ch. 5. Hydropower -- Ch. 6. Ocean energy -- Ch. 7. Wind energy -- Ch. 8. Integration of renewable energy into present and future energy systems -- Ch. 9. Renewable energy in the context of sustainable development -- Ch. 10. Mitigation potential and costs -- Ch. 11. Policy, financing and implementation. | |
| 650 | 0 |
_aRenewable energy sources _xEnvironmental aspects. |
|
| 650 | 0 | _aRenewable energy sources. | |
| 650 | 0 | _aClimate change mitigation. | |
| 700 | 1 | _aEdenhofer, Ottmar. | |
| 700 | 1 |
_aPichs Madruga, Ramón, _d1962- |
|
| 700 | 1 | _aSokona, Y. | |
| 710 | 2 | _aUnited Nations Environment Programme. | |
| 710 | 2 | _aWorld Meteorological Organization. | |
| 710 | 2 |
_aIntergovernmental Panel on Climate Change. _bWorking Group III. |
|
| 710 | 2 | _aPotsdam-Institut für Klimafolgenforschung. | |
| 906 |
_a7 _bcbc _ccopycat _d2 _encip _f20 _gy-gencatlg |
||
| 942 |
_2ddc _cBK |
||
| 999 |
_c355445 _d355445 |
||